000 00312nam a22001337a 4500
008 181004b xxu||||| |||| 00| 0 eng d
020 _a9780521359863
041 _aeng
080 _a941
100 _a16
101 _aHIS
245 _aThe Extraterrestrial Life Debate 1750-1900
_cCrowe,M.J
942 _2udc
_cBK
999 _c48862
_d48862